| 000 | 01139cam a2200241 4500 | ||
|---|---|---|---|
| 001 | WB3803-27 | ||
| 008 | 020122n2002 000 0 eng u | ||
| 035 | _a(Sirsi) u116394 | ||
| 245 | _aRail plan 'ignores' exclusion issue | ||
| 260 | _c2002 | ||
| 490 |
_aRegeneration and Renewal _v18 January 2002, 3(1) |
||
| 520 | _aTen-year rail strategy set out by the Strategic Rail Authority is criticised by various observers including regional development agency, Yorkshire Forward. Problems include its failure to allocate extra resources to tackle social exclusion caused by a lack of access to transport. Also there is disappointment that London and the south-east would receive 70% of the investment over the next ten years. For a breakdown of the Strategic Rail Authority stategy visit, http://www.sra.gov.uk | ||
| 590 | _aWB | ||
| 650 | _aSTRATEGIC RAIL AUTHORITY | ||
| 650 | _aSOCIAL EXCLUSION | ||
| 650 | _aTRANSPORT ACCESS | ||
| 650 | _aSOCIAL EXCLUSION UNIT | ||
| 650 | _aRAIL STRATEGY | ||
| 650 | _aYORKSHIRE FORWARD | ||
| 650 | _aREGIONAL DEVELOPMENT AGENCIES | ||
| 690 | _aTRANSPORT AND COMMUNICATIONS | ||
| 942 | _n0 | ||
| 999 |
_c69322 _d69322 |
||